000 nam a22 a 4500
999 _c2699
_d2699
005 20170517153135.0
008 170517b2010 MY ||||| |||| 00| 0 eng d
040 _aAKMAL
082 _a664.00882971 DSM
090 _a664.00882971
_bDSM
245 _aHALAL FOOD
_b - PRODUCTION, PREPARING, HANDLING AND STORAGE
260 _aMALAYSIA
_c2010
300 _a16ms
_c30 cm
942 _2ddc
_cBOOK